Steve Jobs (Record no. 44947)

MARC details
000 -Etiqueta do registo
Valores 00480nam a2200181 4500
100 ## - Dados gerais de processamento
Dados gerais 20251015 pory50
101 ## - Língua de publicação
Língua por
-- ing
102 ## - País de publicação
País PT
200 ## - Titulo e menção de responsabilidade
Título próprio Steve Jobs
Primeira menção de responsabilidade realiz. Danny Boyle
Outras menções de responsabilidade act.s: Michael Fassbender , Kate Winslet , Seth Rogen , Jeff Daniels
210 ## - Publicação
Local de publicação [S.l.]
Nome do editor Universal Pictures
Data de publicação 2016
215 ## - Descrição física 
Paginação / Volumes 1 DVD
300 ## - Notas gerais 
Texto da nota 117 m<br/>M/12
600 ## - Nome de pessoa usado como assunto
Apelido Jobs,
Nome Steve
675 ## - CDU
Notação 929
801 ## - Fonte de origem
País PT
Regras de catalogação RPC
990 ## - Elementos KOHA
Tipo de documento Filme DVD
Holdings
Aquisição Empréstimo Código de barras Cota Permissão de empréstimo Tipo de documento Nota relativa ao exemplar
Biblioteca Escolar Doutor Hernâni Cidade Biblioteca Escolar Doutor Hernâni Cidade 81068 BIOG JOBS BOY   Filme DVD 553 Filme Biográfico sobre Steve Jobs

Powered by Koha